60s Swinging Chicks Quiz Stats

 Plays Quiz not verified by Sporcle

Challenge
Share
Tweet
Embed
Score 0/97 Timer 20:00
0 Plays Today
Movie or TV Show Chick % Correct
These Boots Are Made for Walkin'Nancy Sinatra
100%
CleopatraElizabeth Taylor
90%
The Dick van Dyke ShowMary Tyler Moore
90%
RespectAretha Franklin
89.5%
Green AcresEva Gabor
87.5%
I Dream of JeannieBarbara Eden
85%
Rowan & Martin's Laugh-InGoldie Hawn
82.5%
The Seven Year ItchMarilyn Monroe
82.5%
Rosemary's BabyMia Farrow
82.5%
Bonnie and ClydeFaye Dunaway
80%
Barbarella Jane Fonda
80%
Breakfast at Tiffany'sAudrey Hepburn
77.5%
That Girl Marlo Thomas
77.5%
Gilligan's Island (Ginger)Tina Louise
75%
BewitchedElizabeth Montgomery
75%
Son of a Preacher ManDusty Springfield
73.7%
Doctor NoUrsula Andress
72.5%
Batman (Catwoman 3)Eartha Kitt
70%
The Bob Newhart ShowSuzanne Pleshette
70%
Ode to Billie JoeBobbie Gentry
68.4%
...And God Created WomanBrigette Bardot
67.5%
To Sir, with Love (performed theme)Lulu
65%
Butch Cassidy & the Sundance KidKatherine Ross
65%
Fantastic VoyageRaquel Welch
65%
Get SmartBarbara Feldon
62.5%
Beach Blanket BingoAnnette Funicello
62.5%
VertigoKim Novak
62.5%
The DeepJacqueline Bisset
60%
The AvengersDiana Rigg
60%
The ApartmentShirley MacLaine
60%
Batman (Catwoman 1)Julie Newmar
60%
Mad Max Beyond ThunderdomeTina Turner
60%
DynastyJoan Collins
57.5%
Movie or TV Show Chick % Correct
The Beverly HillbilliesDonna Douglas
57.5%
Mod SquadPeggy Lipton
57.5%
Gilligan's Island (Mary Ann)Dawn Wells
55%
Bob & Carol & Ted & Alice (Carol)Natalie Wood
55%
Marriage Italian StyleSophia Loren
52.5%
Viva Las VegasAnn-Margret
50%
Doctor ZhivagoJulie Christie
50%
Star Trek (Uhura)Nichelle Nichols
50%
Batman (Catwoman 2)Lee Meriwether
48.1%
Goldfinger (performed theme)Shirley Bassey
47.5%
Hawaiian EyeConnie Stevens
47.5%
The Nutty ProfessorStella Stevens
47.5%
Bob & Carol & Ted & Alice (Alice)Dyan Cannon
45%
The Girl from U.N.C.L.E.Stephanie Powers
45%
Mission ImpossibleBarbara Bain
42.5%
The Many Loves of Dobie GillisTuesday Weld
42.5%
The Boy FriendTwiggy
40%
Muriel Cigars commercialsEdie Adams
40%
A Shot in the DarkElke Sommer
37.5%
Tammy and the BachelorSandra Dee
37.5%
The Girl Can't Help ItJayne Mansfield
37.5%
The World of Suzie WongNancy Kwan
36.8%
Anne of the Thousand DaysGenevieve Bujold
35%
Diamonds Are ForeverJill St. John
35%
Goodbye, Mister ChipsPetula Clark
32.5%
Honey WestAnn Francis
32.5%
GoldfingerHonor Blackman
30%
Never on SundayMelina Mercouri
30%
Big Bad MamaAngie Dickinson
30%
The Happy Hooker Goes to WashingtonJoey Heatherton
30%
Once Upon a Time in the WestClaudia Cardinale
27.5%
The Wicker ManBritt Ekland
27.5%
Batman (Batgirl)Yvonne Craig
27.5%
Movie or TV Show Chick % Correct
LolitaSue Lyon
27.5%
Valley of the DollsBarbara Parkins
27.5%
Umbrellas of CherbourgCatherine Deneuve
25%
La Dolce VitaAnita Ekberg
25%
SpinoutShelley Fabares
25%
Viva MariaJeanne Moreau
25%
Where the Boys Are (Blonde)Yvette Mimieux
23.8%
A Man and a WomanAnouk Aimee
22.5%
The Love BoatCharo
22.5%
How to Murder Your WifeVirna Lisi
22.5%
Goldfinger (painted girl)Shirley Eaton
20%
Buona Sera, Mrs. CampbellGina Lollobrigida
20%
SpartacusJean Simmons
20%
Hee HawGunilla Hutton
20%
Dodge cars commercialsPamela Austin
20%
The Impossible YearsCristina Ferrare
20%
BranniganJudy Geeson
17.5%
James Bond Series (Moneypenny)Lois Maxwell
17.5%
Planet of the ApesLinda Harrison
17.5%
Peyton PlaceDorothy Malone
17.5%
Harum ScarumMary Ann Mobley
15%
From Russia with LoveDaniela Bianchi
12.5%
The Guns of NavaroneIrene Papas
12.5%
ThunderballClaudine Auger
12.5%
Star Trek (Yeoman Rand)Grace Lee Whitney
11.1%
The Little Shop of HorrorsJackie Joseph
10%
Voyage to the Planet of Prehistoric WomenMamie van Doren
10%
El DoradoMichele Carey
10%
Noxzema commercials (Swede)Gunilla Knutsson
10%
The AmbushersSenta Berger
7.5%
The Longest DayIrina Demick
5%

You're not logged in!

Compare scores with friends on all Sporcle quizzes.
Join for Free
OR
Log In

You Might Also Like...

Show Comments

Extras

Created Jan 17, 2013ReportNominate
Tags:Show Quiz, 1960s, chick

Top Quizzes Today


Score Distribution

Your Account Isn't Verified!

In order to create a playlist on Sporcle, you need to verify the email address you used during registration. Go to your Sporcle Settings to finish the process.

Report this User

Report this user for behavior that violates our Community Guidelines.

Details: